| 000 | 00510nam a2200193Ia 4500 | ||
|---|---|---|---|
| 005 | 20250508165955.0 | ||
| 008 | 008 250505s9999 xx 000 0 hin d | ||
| 037 | _aTextual | ||
| 040 |
_aFEDL _beng _cFEDL |
||
| 041 |
_ahin _2eng |
||
| 084 |
_a891.433, AWA _qFEDL |
||
| 100 |
_aAwasthi Braham Dutt _9782568 |
||
| 245 | 0 | _aLoktantra | |
| 260 |
_aNew Delhi, India _bVidya Vihar _c2012 |
||
| 300 | _a136p. | ||
| 365 |
_aINR _b175 |
||
| 942 |
_cTEXL _h891.433, AWA |
||
| 999 |
_c1398473 _d1398473 |
||